Movies Quiz

Random Movies or Disney Quiz
Score 0/8 Timer 02:00
0 Plays Today
% Correct
Aladdin
84.1%
Tiana
82.2%
Dodger
81%
Philip
77.8%
Kuzco
76.9%
Flynn Rider
76.6%
Ralph
74.5%
Gaston
59.2%
Remove Ads.
Support Sporcle.
Get the best of Sporcle when you Go Orange. This ad-free experience offers more features, more stats, and more fun while also helping to support Sporcle. Thank you for becoming a member.

You're not logged in!

Compare scores with friends on all Sporcle quizzes.
OR
Log In

Sporcle TV

Today on Sporcle TV


Watch our educational content, quiz creation guides, and fun videos on Sporcle TV.

Show Comments

Extras

Top Quizzes Today


Score Distribution

Paid Content

Your Account Isn't Verified!

In order to create a playlist on Sporcle, you need to verify the email address you used during registration. Go to your Sporcle Settings to finish the process.

Report this User

Report this user for behavior that violates our Community Guidelines.

Details: